Riešenie hydraulických problémov biokoridorov na vodných stavbách a metodika ich návrhu
Salvato in:
| Autore principale: | |
|---|---|
| Natura: | Libro |
| Lingua: | slovacco |
| Pubblicazione: |
Bratislava :
STU v Bratislave,
2009
|
| Serie: | Edícia vedeckých prác
zošit č.70 |
| Tags: |
Nessun Tag, puoi essere il primo ad aggiungerne!!
|
MARC
| LEADER | 00000nam a22000003a 4500 | ||
|---|---|---|---|
| 001 | stu197470 | ||
| 005 | 20221212133758.3 | ||
| 008 | 091222s2009----xo------------------slo-d | ||
| 020 | |a 978-80-227-3121-8 | ||
| 040 | |a STU |b slo | ||
| 041 | 0 | |a slo | |
| 044 | |a xo | ||
| 100 | 1 | |a Čubanová, Lea, |d 1980- |4 aut |u V170 |9 100 |U SvF Stavebná fakulta |T SvF Katedra hydrotechniky |X 38291 |U V170 |Y 17 |7 A000038291 | |
| 245 | 1 | |a Riešenie hydraulických problémov biokoridorov na vodných stavbách a metodika ich návrhu | |
| 260 | |a Bratislava : |b STU v Bratislave, |c 2009 | ||
| 300 | |a 119 s. | ||
| 830 | 0 | |a Edícia vedeckých prác |v zošit č.70 | |
| 996 | |b 284V033300 |c V*2459/DP-738 |l VVS |s P |a 0 |w stu197470_0001 | ||